[Event "26th WSCC 2016 Open 50+"]
[Site "Marianske Lazne, Czech Republic - Hotel Cristal and Continental"]
[Date "2016.11.20"]
[Round "2.24"]
[White "Vepkhvishvili, Varlam"]
[Black "Stentebjerg-Hansen, Per"]
[Result "0-1"]
[WhiteElo "2086"]
[BlackElo "2262"]
[PlyCount "124"]
[EventDate "2016.11.19"]

1. d4 d5 2. Nf3 Nf6 3. Bf4 c5 4. c3 Nc6 5. e3 Qb6 6. Qb3 c4 7. Qxb6 axb6 8. Na3
Ra5 9. Nc2 Bf5 10. Nb4 Nxb4 11. cxb4 Ra8 12. a3 e6 13. Rc1 h6 14. Be2 b5 15.
O-O Be7 16. Nd2 O-O 17. f3 Bh7 18. Bg3 Rfd8 19. Nb1 Bxb1 20. Rxb1 Bd6 21. Be1
e5 22. Bc3 e4 23. f4 Nh7 24. g4 g6 25. Kg2 Kg7 26. h4 f6 27. Ra1 g5 28. fxg5
fxg5 29. Rf5 Bc7 30. Raf1 Rd7 31. Be1 Rf8 32. hxg5 hxg5 33. Bg3 Bxg3 34. Kxg3
Rdf7 35. Rxf7+ Rxf7 36. Ra1 Rf8 37. a4 Ra8 38. a5 Ra6 39. Kf2 Rh6 40. Ra3 Nf8
41. Ke1 Nd7 42. Kd2 Nb8 43. b3 Na6 44. bxc4 dxc4 45. Bxc4 bxc4 46. Kc3 Nc7 47.
Ra1 Rc6 48. Kc2 Nd5 49. b5 Rh6 50. Ra3 Nc7 51. b6 Nd5 52. a6 bxa6 53. b7 Rb6
54. Ra5 Nxe3+ 55. Kd2 Ng2 56. Rxg5+ Kf6 57. Rf5+ Kg6 58. Kc3 Rxb7 59. Re5 e3
60. Kxc4 Rb2 61. Kc3 Ra2 62. Kb3 Rf2 0-1

[Event "26th WSCC 2016 Open 50+"]
[Site "Marianske Lazne, Czech Republic - Hotel Cristal and Continental"]
[Date "2016.11.20"]
[Round "2.25"]
[White "Larsen, Peter"]
[Black "Tesar, Jan"]
[Result "0-1"]
[WhiteElo "2248"]
[BlackElo "2072"]
[PlyCount "74"]
[EventDate "2016.11.19"]

1. e4 c5 2. Nf3 a6 3. c4 d6 4. d4 cxd4 5. Nxd4 Nf6 6. Nc3 e6 7. Bd3 Be7 8. O-O
O-O 9. b3 Qc7 10. Bb2 Nbd7 11. Rc1 b6 12. f4 Re8 13. Bb1 Bf8 14. g4 g6 15. g5
Nh5 16. Nde2 Bb7 17. Ng3 Nxg3 18. hxg3 b5 19. Qd4 e5 20. Qf2 bxc4 21. Na4 d5
22. exd5 Bxd5 23. Rfd1 Be6 24. f5 gxf5 25. Bxf5 Bxf5 26. Rxc4 Qa7 27. Bd4 exd4
28. Qxf5 Ne5 29. Rcc1 d3+ 30. Kh2 Qe3 31. Rf1 d2 32. Rcd1 Rac8 33. Nb2 Rc1 34.
Kg2 Rxd1 35. Nxd1 Qe2+ 36. Nf2 Bc5 37. Qe4 Qxf2+ 0-1

[Event "26th WSCC 2016 Open 50+"]
[Site "Marianske Lazne, Czech Republic - Hotel Cristal and Continental"]
[Date "2016.11.20"]
[Round "2.26"]
[White "Hewson, Brian Wr"]
[Black "Boulard, Eric"]
[Result "1/2-1/2"]
[WhiteElo "2083"]
[BlackElo "2245"]
[PlyCount "67"]
[EventDate "2016.11.19"]

1. d4 f5 2. Nf3 Nf6 3. g3 g6 4. Bg2 Bg7 5. b3 O-O 6. Bb2 Ne4 7. Nbd2 c6 8. O-O
Na6 9. c4 d5 10. a3 Be6 11. Rc1 Rc8 12. e3 Nac5 13. Qe2 Nxd2 14. Nxd2 Ne4 15.
Rc2 Nxd2 16. Qxd2 Qb6 17. Qb4 Qxb4 18. axb4 Rcd8 19. Ra1 a6 20. Bf1 Rfe8 21. b5
axb5 22. cxb5 Bd7 23. Ra7 Rb8 24. bxc6 Bxc6 25. b4 Rec8 26. b5 Bd7 27. Rxc8+
Bxc8 28. Ba3 Bf8 29. Bc5 e6 30. Kg2 Kf7 31. h4 h6 32. Ra1 Bd7 33. Ra7 Be7 34.
Be2 1/2-1/2

[Event "26th WSCC 2016 Open 50+"]
[Site "Marianske Lazne, Czech Republic - Hotel Cristal and Continental"]
[Date "2016.11.20"]
[Round "2.27"]
[White "Brito, Luismar"]
[Black "Schneider, Alexander"]
[Result "1/2-1/2"]
[WhiteElo "2242"]
[BlackElo "2058"]
[PlyCount "153"]
[EventDate "2016.11.19"]

1. e4 c6 2. Nc3 d5 3. Nf3 Bg4 4. d4 e6 5. Be2 Nd7 6. O-O dxe4 7. Nxe4 Ngf6 8.
Ng3 Bd6 9. h3 Bxf3 10. Bxf3 Qc7 11. Ne2 O-O 12. g3 Rac8 13. c3 Rfd8 14. Qb3 b6
15. Bg5 h6 16. Be3 Nd5 17. Bd2 N7f6 18. Kg2 Ne7 19. Rfe1 Nf5 20. h4 e5 21. Qc2
g6 22. Rh1 exd4 23. cxd4 h5 24. Bg5 Be7 25. Rad1 Nd5 26. Qc1 Bxg5 27. hxg5 Re8
28. Rd3 Qe7 29. Nf4 Qxg5 30. Nxd5 Nh4+ 31. Kh3 Qf5+ 32. Kxh4 cxd5 33. Qd2 Rc2
34. Qf4 Qxd3 35. Bxd5 Qf5 36. Qxf5 gxf5 37. f4 Kg7 38. Kg5 Rxb2 39. Rc1 Rb5 40.
Bb3 f6+ 41. Kh4 Re2 42. Kh3 Ra5 43. Rc7+ Kg6 44. Bg8 Raxa2 45. Bf7+ Kh6 46.
Bxa2 Rxa2 47. d5 Kg6 48. Rb7 Rd2 49. Rxa7 Rxd5 50. Rb7 Rb5 51. Kg2 Rb1 52. Kf2
b5 53. Kg2 b4 54. Kf2 b3 55. Kg2 b2 56. Kh2 h4 57. gxh4 Kh5 58. Kg2 Kxh4 59.
Rb3 Kg4 60. Rb4 Ra1 61. Rxb2 Kxf4 62. Rb6 Kg5 63. Rb8 f4 64. Rg8+ Kf5 65. Rb8
Ra3 66. Rb6 Kg5 67. Rb8 Kg4 68. Rg8+ Kf5 69. Rb8 Ra5 70. Rb7 Kg4 71. Rg7+ Rg5
72. Ra7 f5 73. Kf2 Rg8 74. Rb7 f3 75. Rb4+ f4 76. Rb7 Rg6 77. Rb8 1/2-1/2

[Event "26th WSCC 2016 Open 50+"]
[Site "Marianske Lazne, Czech Republic - Hotel Cristal and Continental"]
[Date "2016.11.20"]
[Round "2.28"]
[White "Yasin, Hur"]
[Black "Yakimenko, Alexander A"]
[Result "0-1"]
[WhiteElo "2075"]
[BlackElo "2240"]
[PlyCount "128"]
[EventDate "2016.11.19"]

1. e4 e5 2. Nf3 Nc6 3. Bb5 a6 4. Ba4 Nge7 5. O-O g6 6. c3 Bg7 7. d3 O-O 8. Nbd2
b5 9. Bb3 Na5 10. Bc2 c5 11. Re1 Re8 12. a3 d6 13. Nf1 h6 14. Ne3 Nac6 15. Bb3
Be6 16. Nd5 Na5 17. Ba2 Nxd5 18. exd5 Bg4 19. h3 Bf5 20. Be3 c4 21. dxc4 Nxc4
22. Bc1 Rc8 23. Nd2 Bd3 24. Nf1 e4 25. Ne3 f5 26. Bb1 Ne5 27. f4 Bxb1 28. fxe5
Bd3 29. e6 Qh4 30. Nf1 Rc5 31. Be3 Rxd5 32. Bf2 Qe7 33. a4 Qxe6 34. Ne3 Rc5 35.
Nc2 Bxc2 36. Qxc2 Rc7 37. axb5 axb5 38. Qd2 g5 39. Ra6 Be5 40. Rb6 Qc4 41. Qd1
Kg7 42. Qh5 Rce7 43. Rd1 Qf7 44. Qe2 Rb7 45. Rbxd6 e3 46. Be1 Bxd6 47. Rxd6 Rd7
48. Bg3 Rxd6 49. Bxd6 Qd5 50. Bg3 Kg6 51. Be1 f4 52. Qc2+ Qf5 53. Qd1 f3 54.
gxf3 Qxh3 55. Qe2 Qf5 56. Kg2 h5 57. Bg3 g4 58. fxg4 hxg4 59. Kg1 Qe4 60. Qxb5
e2 61. Be1 Qe3+ 62. Kg2 Qf3+ 63. Kg1 Qf1+ 64. Kh2 Rh8+ 0-1

[Event "26th WSCC 2016 Open 50+"]
[Site "Marianske Lazne, Czech Republic - Hotel Cristal and Continental"]
[Date "2016.11.20"]
[Round "2.29"]
[White "Yuferev, Oleg"]
[Black "Kylar, Miroslav"]
[Result "1-0"]
[WhiteElo "2239"]
[BlackElo "1851"]
[PlyCount "61"]
[EventDate "2016.11.19"]

1. d4 d5 2. c4 e6 3. Nf3 Nf6 4. g3 Be7 5. Bg2 dxc4 6. O-O O-O 7. Ne5 Nbd7 8.
Nxc4 c5 9. dxc5 Nxc5 10. Nc3 a6 11. Qxd8 Rxd8 12. Bf4 Nd5 13. Nxd5 exd5 14. Nb6
g5 15. Bc7 Bg4 16. Bxd8 Rxd8 17. Nxd5 Re8 18. Rfc1 Nd7 19. h3 Be6 20. Nc7 Rf8
21. Nxe6 fxe6 22. Rc7 Bc5 23. Rxd7 Bxf2+ 24. Kh2 Be3 25. Rf1 Bf2 26. Bf3 Be3
27. Kg2 b5 28. Bg4 Re8 29. Bh5 Ra8 30. Rff7 Rc8 31. Rg7+ 1-0

[Event "26th WSCC 2016 Open 50+"]
[Site "Marianske Lazne, Czech Republic - Hotel Cristal and Continental"]
[Date "2016.11.20"]
[Round "2.30"]
[White "Chan, Peng Kong"]
[Black "De Meester, Johan"]
[Result "1-0"]
[WhiteElo "2233"]
[BlackElo "1828"]
[PlyCount "61"]
[EventDate "2016.11.19"]

1. d4 Nf6 2. c4 d5 3. cxd5 Nxd5 4. Nf3 Nc6 5. e4 Nb6 6. h3 e6 7. Nc3 Be7 8. Be2
O-O 9. O-O Bf6 10. Be3 a6 11. Rc1 Bd7 12. Qd2 Na7 13. Rfd1 Bb5 14. Nxb5 Nxb5
15. Qc2 c6 16. Qb3 Be7 17. a4 Nd6 18. d5 Nxd5 19. exd5 exd5 20. Bd3 Bf6 21. Bf4
Rb8 22. Qa3 Be7 23. Re1 Ne4 24. b4 Bd6 25. Bxd6 Nxd6 26. b5 axb5 27. axb5 Ra8
28. Qb4 cxb5 29. Qc5 Rc8 30. Qxd5 Qb6 31. Bxh7+ 1-0

[Event "26th WSCC 2016 Open 50+"]
[Site "Marianske Lazne, Czech Republic - Hotel Cristal and Continental"]
[Date "2016.11.20"]
[Round "2.31"]
[White "Mohapl, Petr"]
[Black "Habibi, Ali"]
[Result "0-1"]
[WhiteElo "2066"]
[BlackElo "2225"]
[PlyCount "82"]
[EventDate "2016.11.19"]

1. d4 c5 2. d5 Nf6 3. c4 b5 4. cxb5 a6 5. bxa6 Bxa6 6. Nc3 d6 7. e4 Bxf1 8.
Kxf1 Nbd7 9. Nf3 g6 10. g3 Bg7 11. Kg2 O-O 12. Qe2 Qb8 13. h3 Qb7 14. Re1 Rfb8
15. Qc2 Ne8 16. b3 Nc7 17. Bb2 c4 18. Nd2 cxb3 19. axb3 Rxa1 20. Rxa1 Na6 21.
Na4 Nb4 22. Qd1 Nf6 23. Qe2 h5 24. Rc1 Bh6 25. Rc4 Nd7 26. Bc3 Na2 27. Ba1 h4
28. Rc2 Nb4 29. Rc4 hxg3 30. fxg3 Na6 31. Bd4 Nc7 32. Rc2 Ne8 33. Qc4 Ndf6 34.
Bb6 Nd7 35. Bd4 Nef6 36. Ba1 Bxd2 37. Rxd2 Qxb3 38. Rc2 Qb1 39. Bb2 Rb4 40.
Qxb4 Qxc2+ 41. Kf3 Qd3+ 0-1

[Event "26th WSCC 2016 Open 50+"]
[Site "Marianske Lazne, Czech Republic - Hotel Cristal and Continental"]
[Date "2016.11.20"]
[Round "2.32"]
[White "Kilicaslan, Hasan"]
[Black "Vasse, Albert"]
[Result "1-0"]
[WhiteElo "2225"]
[BlackElo "1826"]
[PlyCount "57"]
[EventDate "2016.11.19"]

1. d4 d5 2. Nf3 Nf6 3. e3 Bg4 4. Nbd2 e6 5. h3 Bh5 6. g4 Bg6 7. Ne5 Bd6 8. Nxg6
hxg6 9. Bg2 c6 10. c4 Nbd7 11. Qe2 Qe7 12. cxd5 Nxd5 13. Ne4 Bb4+ 14. Bd2 e5
15. O-O-O O-O 16. Bxb4 Nxb4 17. a3 Nd5 18. h4 N7f6 19. Ng5 Rfc8 20. h5 Nxh5 21.
Nxf7 Qxf7 22. gxh5 gxh5 23. dxe5 g6 24. Be4 Ne7 25. Rd6 Rf8 26. Rg1 Qxf2 27.
Rdxg6+ Nxg6 28. Rxg6+ Kf7 29. Qxf2+ 1-0

[Event "26th WSCC 2016 Open 50+"]
[Site "Marianske Lazne, Czech Republic - Hotel Cristal and Continental"]
[Date "2016.11.20"]
[Round "2.33"]
[White "Galvan Sarmiento, Jose Luis"]
[Black "Smolin, Sergey"]
[Result "0-1"]
[WhiteElo "1933"]
[BlackElo "2224"]
[PlyCount "122"]
[EventDate "2016.11.19"]

1. d4 g6 2. Bf4 d6 3. e3 Bg7 4. Nf3 Nd7 5. Be2 e5 6. Bg3 Ne7 7. h3 O-O 8. c4
Nf5 9. Bh2 exd4 10. exd4 Qf6 11. Nc3 Nxd4 12. Nxd4 Qxd4 13. Qc2 Qf6 14. O-O Nc5
15. Nd5 Qd8 16. Rad1 Bf5 17. Qc1 Re8 18. Rfe1 a5 19. b3 Ra6 20. Bf4 Be6 21. Bg5
f6 22. Be3 b6 23. Bf3 Nd7 24. Nf4 Bf7 25. Bc6 Rf8 26. Bd4 Ne5 27. Bb5 Ra7 28.
c5 bxc5 29. Bxc5 Rb7 30. Bf1 Qa8 31. Be3 a4 32. Nd5 axb3 33. axb3 c6 34. Nb6
Qb8 35. Nc4 Nxc4 36. bxc4 d5 37. cxd5 cxd5 38. Bd4 f5 39. Qa1 Bxd4 40. Qxd4 Rb4
41. Qf6 Qb6 42. Qg5 Kg7 43. Re7 Qf6 44. Qxf6+ Kxf6 45. Rd7 Rfb8 46. g3 Rb1 47.
Rxb1 Rxb1 48. f4 h6 49. h4 Be6 50. Rc7 d4 51. Kf2 Rb2+ 52. Ke1 h5 53. Rc6 Ke7
54. Rc7+ Bd7 55. Ra7 Kd6 56. Be2 Bc6 57. Rg7 Be4 58. Rxg6+ Kc5 59. Rg8 d3 60.
Bxh5 Kd4 61. Rc8 Ke3 0-1

[Event "26th WSCC 2016 Open 50+"]
[Site "Marianske Lazne, Czech Republic - Hotel Cristal and Continental"]
[Date "2016.11.20"]
[Round "2.34"]
[White "Canonne, Antoine"]
[Black "Chapman, Terry P D"]
[Result "0-1"]
[WhiteElo "1887"]
[BlackElo "2220"]
[PlyCount "68"]
[EventDate "2016.11.19"]

1. e4 d6 2. d4 Nf6 3. Nc3 c6 4. a4 Nbd7 5. Be3 e5 6. Be2 Be7 7. Qd2 O-O 8. h3
Re8 9. Nf3 exd4 10. Qxd4 h6 11. O-O Bf8 12. a5 Qc7 13. Qa4 Nc5 14. Bxc5 dxc5
15. Rfe1 Be6 16. Bf1 Rad8 17. Rad1 b5 18. axb6 axb6 19. Rxd8 Rxd8 20. Ra1 b5
21. Qa5 Qxa5 22. Rxa5 b4 23. Na4 Nxe4 24. Ne5 Rd1 25. f3 Nd2 26. Kf2 Rxf1+ 27.
Ke2 Nc4 28. Ra8 Ra1 29. Nxc6 Nxb2 30. Ne7+ Kh7 31. Rxf8 Nxa4 32. f4 Nc3+ 33.
Kf2 Ra7 34. Nc6 Ra2 0-1

[Event "26th WSCC 2016 Open 50+"]
[Site "Marianske Lazne, Czech Republic - Hotel Cristal and Continental"]
[Date "2016.11.20"]
[Round "2.35"]
[White "Berezjuk, Sergej"]
[Black "Giulian, Rosemary A"]
[Result "1-0"]
[WhiteElo "2431"]
[BlackElo "1932"]
[PlyCount "83"]
[EventDate "2016.11.19"]

1. d4 e6 2. c4 Nf6 3. g3 Bb4+ 4. Bd2 a5 5. Bg2 d5 6. Nf3 O-O 7. O-O Nc6 8. Qc2
Ne4 9. Be3 Be7 10. Nc3 f5 11. Rad1 Nxc3 12. bxc3 a4 13. cxd5 exd5 14. Ne5 Be6
15. Bf4 Qc8 16. Nxc6 bxc6 17. c4 Ra7 18. cxd5 Bxd5 19. Bxd5+ cxd5 20. Qc6 Qa8
21. Qe6+ Rf7 22. Rc1 Ra6 23. Qe3 Bd6 24. Rc2 Re7 25. Qf3 g6 26. Rfc1 Qb7 27.
Bxd6 Rxd6 28. Qa3 Qa7 29. e3 Rdd7 30. Rc5 Re6 31. Qc3 Rb6 32. Ra5 Ra6 33. Rb5
Kf7 34. Rc5 Ke6 35. Rb1 Rb6 36. Rc6+ Rxc6 37. Qxc6+ Rd6 38. Qe8+ Kf6 39. Qf8+
Kg5 40. Qe7+ Kg4 41. Qh4+ Kf3 42. Re1 1-0

[Event "26th WSCC 2016 Open 50+"]
[Site "Marianske Lazne, Czech Republic - Hotel Cristal and Continental"]
[Date "2016.11.20"]
[Round "2.36"]
[White "Petras, Milan"]
[Black "Syrchikov, Alexander"]
[Result "1/2-1/2"]
[WhiteElo "1969"]
[BlackElo "2416"]
[PlyCount "84"]
[EventDate "2016.11.19"]

1. e4 c5 2. c3 d6 3. d4 Nf6 4. Bd3 Nc6 5. Nf3 g6 6. d5 Nb8 7. c4 Bg7 8. Nc3 O-O
9. O-O e6 10. h3 exd5 11. exd5 a6 12. a4 Re8 13. Bf4 b6 14. Qd2 Ra7 15. Rfe1
Rae7 16. Rxe7 Rxe7 17. Re1 Rxe1+ 18. Qxe1 h6 19. Bh2 Ne8 20. b3 Nd7 21. Ne4 Nf8
22. Ned2 Nh7 23. h4 Nhf6 24. Qe2 Nh5 25. Qe3 Bg4 26. Kf1 Kh7 27. Bf4 Nxf4 28.
Qxf4 Qd7 29. Kg1 Kg8 30. Qe3 Nf6 31. Ne4 Nxe4 32. Qxe4 Bf5 33. Qe3 Bxd3 34.
Qxd3 Bf6 35. g3 Qh3 36. Qe4 Kg7 37. Qf4 Be7 38. Qe4 Qd7 39. Qd3 f5 40. Qe3 Bf6
41. Kg2 Qe7 42. Qxe7+ Bxe7 1/2-1/2

[Event "26th WSCC 2016 Open 50+"]
[Site "Marianske Lazne, Czech Republic - Hotel Cristal and Continental"]
[Date "2016.11.20"]
[Round "2.37"]
[White "Borovicka, Bohumil"]
[Black "Rakhimov, Zinnour K"]
[Result "0-1"]
[WhiteElo "1991"]
[BlackElo "2398"]
[PlyCount "46"]
[EventDate "2016.11.19"]

1. d4 c5 2. c3 Nf6 3. Nf3 e6 4. e3 Be7 5. Bd3 Nc6 6. O-O cxd4 7. exd4 O-O 8.
Re1 b6 9. Nbd2 Bb7 10. Nf1 Qc7 11. Ng3 Nd5 12. Ne5 f5 13. f4 Nxe5 14. fxe5 d6
15. a3 dxe5 16. dxe5 Rad8 17. Qc2 Bh4 18. c4 Ne7 19. b4 Qd7 20. Rd1 Qd4+ 21.
Kh1 Qxa1 22. Bb2 Qxd1+ 23. Qxd1 Bxg3 0-1

[Event "26th WSCC 2016 Open 50+"]
[Site "Marianske Lazne, Czech Republic - Hotel Cristal and Continental"]
[Date "2016.11.20"]
[Round "2.38"]
[White "Hoffmann, Michael"]
[Black "Grigoryan, Karen"]
[Result "0-1"]
[WhiteElo "1920"]
[BlackElo "2332"]
[PlyCount "50"]
[EventDate "2016.11.19"]

1. d4 Nf6 2. Nf3 c5 3. d5 g6 4. Nc3 Bg7 5. e4 d6 6. Bb5+ Nbd7 7. a4 O-O 8. O-O
a6 9. Be2 Rb8 10. a5 Re8 11. Re1 Nf8 12. Nd2 e6 13. Nc4 exd5 14. exd5 Ng4 15.
Ne3 Nxe3 16. Bxe3 b5 17. axb6 Qxb6 18. Na4 Qc7 19. c3 Nd7 20. Qd2 Nf6 21. Bf3
Bd7 22. b4 cxb4 23. cxb4 Ne4 24. Bxe4 Rxe4 25. Rac1 Qd8 0-1

[Event "26th WSCC 2016 Open 50+"]
[Site "Marianske Lazne, Czech Republic - Hotel Cristal and Continental"]
[Date "2016.11.20"]
[Round "2.39"]
[White "Barle, Janez"]
[Black "Spiess, Thomas"]
[Result "1-0"]
[WhiteElo "2303"]
[BlackElo "1999"]
[PlyCount "81"]
[EventDate "2016.11.19"]

1. Nc3 c5 2. Nf3 Nc6 3. e4 e6 4. Bb5 Nd4 5. a4 a6 6. Bd3 Nc6 7. O-O g5 8. Be2
Bg7 9. d3 g4 10. Ne1 h5 11. Be3 Bd4 12. Qd2 Nge7 13. Nd1 Qc7 14. c3 Bxe3 15.
Nxe3 d6 16. N1c2 b6 17. f4 Bb7 18. b4 cxb4 19. cxb4 a5 20. b5 Nb8 21. Rac1 Nd7
22. Na3 Qd8 23. Qb2 Rg8 24. f5 e5 25. Nac4 Nc5 26. f6 Ng6 27. Nf5 Nxa4 28.
Ncxd6+ Kd7 29. Qb3 Qxf6 30. Qxa4 Nf4 31. Qa2 Ra7 32. Qd2 Ba8 33. Qb2 g3 34.
hxg3 Nxe2+ 35. Qxe2 Qg6 36. Qa2 f6 37. Qf2 Rb8 38. d4 Kd8 39. d5 a4 40. Rc3 a3
41. Qa2 1-0

[Event "26th WSCC 2016 Open 50+"]
[Site "Marianske Lazne, Czech Republic - Hotel Cristal and Continental"]
[Date "2016.11.20"]
[Round "2.40"]
[White "Valet, Richard"]
[Black "Kutynec, Vladimir"]
[Result "1/2-1/2"]
[WhiteElo "1943"]
[BlackElo "2295"]
[PlyCount "74"]
[EventDate "2016.11.19"]

1. e4 c5 2. Nc3 Nc6 3. g3 g6 4. Bg2 Bg7 5. d3 Nf6 6. f4 O-O 7. Nf3 d6 8. O-O
Ne8 9. Be3 Nd4 10. Qd2 Nc7 11. Nh4 b5 12. f5 b4 13. Nd1 Rb8 14. c3 Nc6 15. Bh6
Ba6 16. Bxg7 Kxg7 17. Ne3 bxc3 18. bxc3 f6 19. fxg6 hxg6 20. Rf2 Rh8 21. Rd1
Ne5 22. Bf1 Qd7 23. d4 cxd4 24. cxd4 Ng4 25. Bh3 Nxf2 26. Bxd7 Nxd1 27. Qxd1
Kf7 28. e5 dxe5 29. dxe5 Rhd8 30. e6+ Nxe6 31. Bxe6+ Kxe6 32. Qg4+ Kd6 33. Qxg6
Kc7 34. Qc2+ Kb6 35. Qb3+ Kc7 36. Qc2+ Kb6 37. Qb3+ Kc7 1/2-1/2

[Event "26th WSCC 2016 Open 50+"]
[Site "Marianske Lazne, Czech Republic - Hotel Cristal and Continental"]
[Date "2016.11.20"]
[Round "2.41"]
[White "Grant, Jonathan I M"]
[Black "Hajsman, Ladislav"]
[Result "1-0"]
[WhiteElo "2218"]
[BlackElo "1784"]
[PlyCount "67"]
[EventDate "2016.11.19"]

1. c4 e6 2. g3 d5 3. Bg2 Nf6 4. Nf3 Nbd7 5. O-O c6 6. d4 Bd6 7. Nbd2 O-O 8. Qc2
Re8 9. Rd1 Qe7 10. a4 e5 11. dxe5 Nxe5 12. Nxe5 Qxe5 13. cxd5 Qxe2 14. Bf3 Qe7
15. dxc6 Rb8 16. Nc4 Bc7 17. Bg5 bxc6 18. Bxc6 Rd8 19. Ne3 Be6 20. Rxd8+ Rxd8
21. Be4 Bb6 22. Bxh7+ Kh8 23. Bd3 Qb7 24. Bxf6 gxf6 25. Be4 Qb8 26. Rd1 Bd4 27.
Qe2 Qe5 28. Bg2 Rb8 29. Rd2 Rb3 30. Nd1 Qc5 31. Qe4 Bxb2 32. Rd8+ Kg7 33. Qh4
Qb4 34. Qh8+ 1-0

[Event "26th WSCC 2016 Open 50+"]
[Site "Marianske Lazne, Czech Republic - Hotel Cristal and Continental"]
[Date "2016.11.20"]
[Round "2.42"]
[White "Simon, Petr"]
[Black "Thuesen, Mogens"]
[Result "1-0"]
[WhiteElo "1681"]
[BlackElo "2207"]
[PlyCount "51"]
[EventDate "2016.11.19"]

1. e4 c5 2. Nf3 e6 3. d4 cxd4 4. Nxd4 Nf6 5. Nc3 Nc6 6. Bg5 Qb6 7. Nb3 a5 8. a4
Bb4 9. Bxf6 gxf6 10. Be2 d6 11. O-O Bxc3 12. bxc3 Ne5 13. Qd4 Qxd4 14. cxd4 Ng6
15. g3 e5 16. Rfd1 Ke7 17. c4 b6 18. c5 dxc5 19. dxc5 Be6 20. Rab1 Rhb8 21.
cxb6 Rxb6 22. Bb5 Bxb3 23. Rxb3 Nf8 24. Rc3 Ra7 25. Rc8 Ne6 26. Re8# 1-0

[Event "26th WSCC 2016 Open 50+"]
[Site "Marianske Lazne, Czech Republic - Hotel Cristal and Continental"]
[Date "2016.11.20"]
[Round "2.43"]
[White "Sykora, Ondrej"]
[Black "Vieira, Alexandre Letizio"]
[Result "1/2-1/2"]
[WhiteElo "2179"]
[BlackElo "1835"]
[PlyCount "50"]
[EventDate "2016.11.19"]

1. e4 Nf6 2. e5 Nd5 3. d4 d6 4. Nf3 dxe5 5. Nxe5 c6 6. c4 Nb4 7. Be3 Bf5 8. Nd3
e5 9. Nxb4 Bxb4+ 10. Ke2 exd4 11. Qxd4 Qxd4 12. Bxd4 O-O 13. Nc3 Re8+ 14. Be3
Na6 15. a3 Bc5 16. Kf3 Bxe3 17. fxe3 Nc5 18. Rd1 Re7 19. b4 Nd7 20. h3 h5 21.
Kf2 Rae8 22. Re1 h4 23. Rg1 Ne5 24. Rd1 Ng6 25. Re1 Ne5 1/2-1/2

[Event "26th WSCC 2016 Open 50+"]
[Site "Marianske Lazne, Czech Republic - Hotel Cristal and Continental"]
[Date "2016.11.20"]
[Round "2.44"]
[White "Guner, Bulent"]
[Black "Rehurek, Jiri"]
[Result "1-0"]
[WhiteElo "2130"]
[BlackElo "1633"]
[PlyCount "93"]
[EventDate "2016.11.19"]

1. d4 Nf6 2. c4 d6 3. Nc3 e5 4. Nf3 Nbd7 5. g3 Be7 6. Bg2 c6 7. O-O O-O 8. Qc2
Qc7 9. Rd1 Re8 10. h3 exd4 11. Nxd4 Bf8 12. e4 g6 13. Bf4 Nh5 14. Be3 Ng7 15.
Rac1 Qb8 16. Qd2 Ne5 17. Qe2 f5 18. exf5 Nxf5 19. Nxf5 Bxf5 20. g4 Bd7 21. Ne4
Be7 22. b3 Nf7 23. Bf4 Kf8 24. Qb2 Be6 25. c5 Bd5 26. Nf6 Rd8 27. Nxh7+ Kg8 28.
Nf6+ Kf8 29. Nxd5 cxd5 30. Rxd5 Rd7 31. Rcd1 Qd8 32. Qd2 g5 33. Bg3 Rc8 34.
cxd6 Bf6 35. Rc1 Rxc1+ 36. Qxc1 Qe8 37. Bf1 a6 38. Qb1 Kg7 39. Qf5 Nh6 40. Qf3
Qe6 41. Bc4 Qe1+ 42. Kg2 Qe8 43. Rd3 Qf8 44. Be6 Rd8 45. Qxb7+ Kg6 46. d7 Nf7
47. Qd5 1-0

[Event "26th WSCC 2016 Open 50+"]
[Site "Marianske Lazne, Czech Republic - Hotel Cristal and Continental"]
[Date "2016.11.20"]
[Round "2.45"]
[White "Shashidhar, B Rai"]
[Black "Robertson, Ian C"]
[Result "1-0"]
[WhiteElo "1306"]
[BlackElo "2127"]
[PlyCount "55"]
[EventDate "2016.11.19"]

1. e4 g6 2. d4 Bg7 3. c4 c5 4. Nf3 cxd4 5. Nxd4 Nc6 6. Be3 d6 7. Be2 Nf6 8. Nc3
Nxd4 9. Bxd4 O-O 10. O-O Be6 11. Rc1 Qa5 12. f4 Rfc8 13. b3 Ne8 14. f5 Bxd4+
15. Qxd4 Bd7 16. fxg6 hxg6 17. Nd5 Qd8 18. Qf2 Be6 19. Bg4 Qd7 20. Qxf7+ Bxf7
21. Bxd7 Rd8 22. Nxe7+ Kg7 23. Bg4 Nf6 24. Bf3 Re8 25. Nd5 Bxd5 26. exd5 b6 27.
Rce1 Nd7 28. Re6 1-0

[Event "26th WSCC 2016 Open 50+"]
[Site "Marianske Lazne, Czech Republic - Hotel Cristal and Continental"]
[Date "2016.11.20"]
[Round "2.46"]
[White "Hrbolka, Ladislav"]
[Black "Petersons, Ojars"]
[Result "1-0"]
[WhiteElo "2094"]
[BlackElo "1704"]
[PlyCount "55"]
[EventDate "2016.11.19"]

1. d4 f5 2. e4 fxe4 3. Nc3 Nf6 4. Bg5 d5 5. Bxf6 exf6 6. Qh5+ g6 7. Qxd5 Bb4 8.
Qxe4+ Kf7 9. Bc4+ Kg7 10. O-O-O Re8 11. Qf3 Nc6 12. Nge2 Bd7 13. a3 Bf8 14. h4
Na5 15. Bd3 h5 16. Bxg6 Bg4 17. Qd3 Bxe2 18. Nxe2 Rxe2 19. Qxe2 Kxg6 20. g4
Bh6+ 21. g5 fxg5 22. hxg5 Bxg5+ 23. Kb1 h4 24. f4 Bf6 25. Qg4+ Kh6 26. Rdg1 Qe8
27. Rxh4+ Bxh4 28. Qg7+ 1-0

[Event "26th WSCC 2016 Open 50+"]
[Site "Marianske Lazne, Czech Republic - Hotel Cristal and Continental"]
[Date "2016.11.20"]
[Round "2.47"]
[White "Becvar, Miroslav"]
[Black "Semakoff, Aleks"]
[Result "1-0"]
[WhiteElo "1834"]
[BlackElo "2084"]
[PlyCount "69"]
[EventDate "2016.11.19"]

1. e4 d5 2. exd5 Nf6 3. Nc3 Nxd5 4. Bc4 Nb6 5. Bb3 Nc6 6. Nf3 Bf5 7. a3 e6 8.
d3 Be7 9. Be3 O-O 10. h3 Nd5 11. Nxd5 exd5 12. O-O Bf6 13. d4 Re8 14. Qd2 Be4
15. Nh2 h5 16. Rae1 Re6 17. f3 Bf5 18. Bf2 Bg5 19. f4 Bf6 20. Rxe6 fxe6 21. c3
Qd7 22. Bd1 Qf7 23. Bf3 Re8 24. Qe2 Bg6 25. Re1 Kf8 26. g4 hxg4 27. hxg4 Qg8
28. Bg3 Qh7 29. Kg2 Bd3 30. Qe3 Bc4 31. Qf2 Kf7 32. g5 Be7 33. Bg4 Bd6 34. f5
Bxg3 35. fxe6+ 1-0

[Event "26th WSCC 2016 Open 50+"]
[Site "Marianske Lazne, Czech Republic - Hotel Cristal and Continental"]
[Date "2016.11.20"]
[Round "2.48"]
[White "Sladek, Jaroslav"]
[Black "Schroll, Gerhard"]
[Result "0-1"]
[WhiteElo "1881"]
[BlackElo "2314"]
[PlyCount "92"]
[EventDate "2016.11.19"]

1. e4 Nf6 2. d3 d5 3. e5 Nfd7 4. d4 c5 5. c3 Nc6 6. a3 cxd4 7. cxd4 Nb6 8. b3
Bf5 9. Bb2 e6 10. Bd3 Bxd3 11. Qxd3 Qg5 12. g3 Be7 13. Nf3 Qg6 14. Ke2 O-O 15.
Nfd2 Qh5+ 16. Qf3 Qh3 17. g4 Qxf3+ 18. Nxf3 f6 19. Nbd2 Nd7 20. h3 fxe5 21.
dxe5 Rf4 22. Rhf1 Raf8 23. Rac1 Nc5 24. b4 Nb3 25. Rc2 d4 26. Rxc6 bxc6 27.
Nxb3 d3+ 28. Kxd3 Rxf3+ 29. Kc4 Rxf2 30. Rxf2 Rxf2 31. Bd4 Rc2+ 32. Bc3 Ra2 33.
Na5 Rxa3 34. Nxc6 Bh4 35. Bd4 a6 36. Kc5 Rxh3 37. Kb6 Ra3 38. Bc5 Ra4 39. Nb8
Bg3 40. Bd6 Bxe5 41. Bxe5 Rxb4+ 42. Kxa6 Rxg4 43. Kb6 h5 44. Kc6 h4 45. Kd6 h3
46. Kxe6 Re4 0-1